000 00677nam a2200217Ia 4500
008 131103s9999 xx 000 0 und d
040 _aLoreto College
041 _aEnglish
082 _a330.9/JON
_bLCBkB/
100 _aJones,Clarence Fielder
245 _aEconomic geography
_cClarence Fielden Jones and Gardon Gerald Darkenwald
250 _a3rd ed.
260 _aNew York
_bThe Macmillan Co.
_c1966
300 _axxvi,810 p.
_b ill.,charts,maps,photos
_c 24 cm.
504 _aIncludes bibliographical references and index
650 _aEconomics
651 _aEconomic Geography
700 _aDarkenwald, Gardon Gerald
850 _aLCBkB/330.9/JON
942 _cBK
999 _c34659
_d85138